000 00595nam a22001937a 4500
999 _c193026
_d193026
005 20221014105008.0
010 _aENG-135403
020 _a9789380705668
_c800.00
035 _aEN-118935
037 _bDBAD/PUB
082 _a361.95454
245 _aStatistical Hand Book of LWE Affected Blocks In Odisha/
_cEdited by Sanjay Kumar Mohapatra and Sridhar Panda
260 _aOdisha
_bGovernment Of Odisha
_c2017
270 _bBhubaneswar
300 _a403p.
_c25cm(hb)
700 _aMohapatra, Sanjay Kumar
700 _aPanda, Sridhar
942 _2ddc
_cEN
_mSTA
_h361.95454